Riconosci gli Stati dal satellite - Quiz n°8 - Statistics

Statistiche generali
  • Questo quiz è stato fatto 3 volte
  • Il punteggio medio è 5 su 10
Statistiche sulle risposte
con Immagini Risposta % Corretto
Città del Vaticano
100%
Sri Lanka
100%
Albania
67%
Cambogia
67%
Polonia
67%
eSwatini
33%
Guyana
33%
Kirghizistan
33%
Moldavia
33%
Botswana
0%
Nessun quiz corrispondente trovato
Distribuzione punteggi
Percentuale di utenti per punteggio
Percentile per numero di risposta
I tuoi punteggi nel tempo
Non hai fatto questo quiz